000 00694nam a2200181Ia 4500
008 090124s9999 xx 000 0 und d
082 _b20910
100 _aदिघे प्रभाकर
245 _a महामानव डॉ. बाबासाहेब आंबेडकर
250 _a1
260 _bगजानन बुक डेपो
_c1980
300 _a156
600 _aदिघे प्रभाकर
630 _a महामानव डॉ. बाबासाहेब आंबेडकर
700 _aदिघे प्रभाकर
730 _a महामानव डॉ. बाबासाहेब आंबेडकर
942 _cBOOK
999 _c91032
_d91032